Produktivita a inovácie prvý časopis o priemyselnom inžinerstve na Slovensku

Uložené v:
Podrobná bibliografia
Médium: Seriál
Jazyk:Slovak
Vydavateľské údaje: Žilina SLCP 2008
Predmet:
Tagy: Pridať tag
Žiadne tagy, Buďte prvý, kto otaguje tento záznam!

MARC

LEADER 00000nas2a2200000 4500
001 0147977
005 20120215124542.2
022 |a 1335-5961 
041 0 |a slo 
044 |a SK 
245 1 0 |a Produktivita a inovácie  |b prvý časopis o priemyselnom inžinerstve na Slovensku 
264 1 |a Žilina  |b SLCP  |c 2008 
773 0 |w eu_un_cat*s122586 
610 2 0 |a produktivita 
610 2 0 |a podnik